Compendio de ética filosófica e historia de la ética

Enregistré dans:
Détails bibliographiques
Auteur principal: Castellote Cubells, Salvador (Auteur)
Format: Livre
Langue:espagnol
Publié: Valencia Edicep 2002
Collection:Compendios, 14
Sujets:
Tags: Ajouter un tag
Pas de tags, Soyez le premier à ajouter un tag!

MARC

LEADER 00000nam a2200000 a 4500
001 UCL4660
003 CL-VaPUC
008 040123e20020000SP |||||||||||||||||spa|d
020 |a 8470506676 
082 0 4 |a 170  |b CAS  |2 21 
100 0 |a Castellote Cubells, Salvador  |e author  |9 482300 
245 1 0 |a Compendio de ética filosófica e historia de la ética 
300 |a 409 p 
942 |c BK 
945 |d 20040123 00:00:00  |a cmena 
260 |a Valencia  |b Edicep  |c 2002 
650 0 |a Ética  |9 255099 
650 0 |a Filosofía moral   |9 310115 
650 0 |a Historia de la filosofía  |9 256920 
650 0 |a Aspectos morales   |9 256217 
650 0 |a Naturaleza humana   |9 308593 
583 |a last modification  |c 20040123 00:00:00  |k Rodrigo Vera 
490 0 |a Compendios, 14 
999 |c 307469  |d 307467 
952 |0 0  |1 0  |4 0  |6 170_000000000000000_CAS_2002  |7 0  |8 A  |9 373442  |a BIBTEO  |b BIBTEO  |d 2019-11-21  |i 3971449  |l 2  |m 3  |o 170 CAS 2002  |p 3971449  |r 2025-01-17  |s 2023-08-29  |w 2019-11-21  |y BK  |k ICR